C. M. Russell : quality full color lithographic art prints /

Bibliographic Details
Corporate Author: Montana Historical Society
Other Authors: Russell, Charles M. (Charles Marion), 1864-1926
Format: Book
Language:English
Published: Helena : Montana Historical Society, [approximately 1970]
Subjects:

MARC

Tag First Indicator Second Indicator Subfields
LEADER 00000cam a2200000 i 4500
001 in00000665129
005 20231031161205.3
008 791219s1970 mtuh 000 0 eng d
035 |a (OCoLC)05811720 
035 |9 ACX5925AM 
040 |a USD  |c USD  |d TXA  |d UtOrBLW 
049 |a TXAS  |c [1701324] 
090 |a N4035  |b .M65 1970 
110 2 |a Montana Historical Society. 
245 1 0 |a C. M. Russell :  |b quality full color lithographic art prints /  |c available from Montana Historical Society. 
264 1 |a Helena :  |b Montana Historical Society,  |c [approximately 1970] 
300 |a [18] pages :  |b color facsimiles ;  |c 18 x 26 cm. 
336 |a text  |b txt  |2 rdacontent 
337 |a unmediated  |b n  |2 rdamedia 
338 |a volume  |b nc  |2 rdacarrier 
500 |a Cover title. 
600 1 0 |a Russell, Charles M.  |q (Charles Marion),  |d 1864-1926. 
700 1 |a Russell, Charles M.  |q (Charles Marion),  |d 1864-1926. 
740 0 |a Quality full color lithographic art prints. 
999 |a MARS 
999 f f |s 5a3a9f9c-7bc0-3537-afc0-4310d4b08f1b  |i fcb9ca20-e7f7-3df3-9e1c-d949ec481263  |t 0 
952 f f |p noncirc  |a Texas A&M University  |b College Station  |c Cushing Memorial Library & Archives  |d Cushing: Dykes (Does not check out)  |t 0  |e N4035 .M65 1970  |f Vertical File  |h Library of Congress classification  |i unmediated -- volume  |m A14853123655 
998 f f |a N4035 .M65 1970  |t 0  |l Cushing: Dykes (Does not check out)